Teatro completo /

Bibliographic Details
Main Author: Hernández, Miguel, 1910-1942
Other Authors: Pastor Ibáñez, Vicenta, Rodríguez Maciá, Manuel, Oliva, José
Format: Book
Language:Spanish
Published: Madrid : Ayuso, [1978]
Series:Endymion ; 1.

MARC

Tag First Indicator Second Indicator Subfields
LEADER 00000cam a2200000 a 4500
001 in00000071098
005 20151008062044.0
008 790919s1978 sp a 00010 spam
010 |a  79374188  
015 |a Sp78-Oct 
020 |a 8433601482 
035 |a (OCoLC)05617210 
035 |9 AAJ9422AM 
040 |a DLC  |c DLC  |d m.c.  |d TXA  |d UtOrBLW 
049 |a TXAM  |c [1654648] 
050 0 0 |a PQ6615.E57  |b A19 1978 
082 0 |a 862/.6/2 
100 1 |a Hernández, Miguel,  |d 1910-1942. 
245 1 0 |a Teatro completo /  |c Miguel Hernandez ; liminar, prologo y notas introductorias de Vicenta Pastor Ibanez, Manuel Rodriguez Macia y Jose Oliva. 
264 1 |a Madrid :  |b Ayuso,  |c [1978] 
264 4 |c ©1978 
300 |a 537 pages :  |b illustrations ;  |c 20 cm. 
336 |a text  |b txt  |2 rdacontent 
337 |a unmediated  |b n  |2 rdamedia 
338 |a volume  |b nc  |2 rdacarrier 
490 1 |a Endymion ;  |v 1 
700 1 |a Pastor Ibáñez, Vicenta. 
700 1 |a Rodríguez Maciá, Manuel. 
700 1 |a Oliva, José. 
830 0 |a Endymion ;  |v 1. 
999 |a MARS 
999 f f |s 19a8f781-b09b-3c42-a705-f6f630f98207  |i 813ab473-4a9d-30d3-b094-c73177eed3d4  |t 0 
952 f f |p ric  |a Texas A&M University  |b Rellis Campus  |c Joint Library Facility  |d Remote Storage  |t 0  |e PQ6615.E57 A19 1978  |h Library of Congress classification  |i unmediated -- volume  |m A14806181788 
998 f f |a PQ6615.E57 A19 1978  |t 0  |l Remote Storage